LEADER 00957nam a2200217 4500 001 000000341088 003 CaOOAMICUS 005 20231207145312.0 008 200714s1834 it 000 u ita r 040 $aSeMil$bita 100 11$aBalbi, Adriano,$d<1782-1848>.$0(OLS)http://semarc/name/21030 245 00$aDistribuzione 7. 264 1$aTorino :$bDalla Tipografia Pomba,$c1834. 300 $aP. 1149-1340 ;$c22 cm 773 0 $aBalbi, Adriano <1782-1848>$tCompendio di geografia compilato su di un nuovo piano conforme agli ultimi trattati di pace e alle più recenti scoperte ....$dTorino : Dalla Tipografia Pomba, 1834.$g7$w()341077 850 $aSeMil 852 $aSeMil$W1$xVenegono$y1$m3XG VII 11 FA$j219858$B232087$CSeMilBibl$Z2$F232087 $8I 941 1 $a10 996 $6245$aDistribuzione 7$9(OLS)http://semarc/title/430147 996 $6264$aTorino :$bDalla Tipografia Pomba$9(OLS)http://semarc/publisher/59126 LEADER 01368nam a2200277 i 4500 001 000000258884 003 CaOOAMICUS 005 20240206140924.0 008 180618s1804 fr u000 u fre u 013 $a237792 026 $ad.me arer i-). etr* (3) 1804 (F) - Data anche in num. romani 040 $aSeMil$bita 100 1 $aLacroix, Sylvestre François,$d<1765-1843>.$0(OLS)http://semarc/name/91745 245 10$aComplement des élémens d'algèbre, à l'usage de l'École centrale des quatre-nations, par S.F. Lacroix. 250 $aTroisième édition, revue et corrigée. 260 $aA Paris :$bChez Courcier, imprimeur-libraire pour les Mathématiques, quai des Augustins, n. 71,$cAn XIII. = 1804. 300 $aviij, 315, [1] p. ;$c8°. 500 $aSegn.: pg4 A-T8 V4 X2 500 $aLegato con 3W-III-47 FA 650 4$aAlgebra.$0(OLS)http://semarc/subject/4886 850 $aSeMil 852 $aSeMil$W1$xVenegono$y1$m3W III 48 FA$j209229$B209229$CSeMilBibl$Z2$F222897 $8I 961 $aLegato con 3W-III-47 FA 996 $6245$aComplement des élémens d'algèbre, à l'usage de l'École centrale des quatre-nations, par S.F. Lacroix$9(OLS)http://semarc/title/413764 996 $6260$aA Paris :$bChez Courcier, imprimeur-libraire pour les Mathématiques, quai des Augustins, n. 71$9(OLS)http://semarc/publisher/57768 LEADER 01482nam a2200229 i 4500 001 000000193402 003 CaOOAMICUS 005 20260326143320.0 008 101022s1998 it u000 u mul u 040 $aSeMil$bita 245 10$aCairati, Castiglioni, Martignoni ed altri casati locali nel Medioevo :$batti del Convegno di studio promosso nel Centenario della Fondazione della Società gallaratese per gli studi patri (1896-1996) : Cairate, Monastero di Santa Maria Assunta, 11-12 maggio 1996 /$ca cura di Claudio Tallone. 264 1$aVarese :$bLativa,$c1998. 300 $a204 p. :$bill., tabelle ;$c24 cm. 650 4$aAlto Milanese - Storia - Medioevo.$0(OLS)http://semarc/subject/10075 700 1 $aTallone, Claudio.$0(OLS)http://semarc/name/23776 773 0 $tTracce.$b1. (1980)-15. (1994-1995) ; Nuova serie : 16. (1996)-22. (2002).$dVarese : Lativa, 1980-2002.$w()3065 850 $aSeMil 852 $aSeMil$W1$xVenegono$y1$m202 4 16BIS$j143976$B143976$CSeMilBibl$Z2$F155422 $85 961 $aOmaggio: Società Gallaratese per gli Studi Patri 996 $6245$aCairati, Castiglioni, Martignoni ed altri casati locali nel Medioevo :$batti del Convegno di studio promosso nel Centenario della Fondazione della Società gallaratese per gli studi patri (1896-1996) : Cairate, Monastero di Santa Maria Assunta, 11-12 maggio 1996$9(OLS)http://semarc/title/278802 996 $6264$aVarese :$bLativa$9(OLS)http://semarc/publisher/31042